00357nam a2200145Ia 4500003000900000008004100009040001300050040001300063100002000076245005800096260003000154300000800184490000600192600001300198IT-RoPAU120407s9999 xx 000 0 und d aIT-RoPAU cIT-RoPAU aEnrico Contardi aLa Vergine della rivelazione alle Tre Fontane di Roma aLa Voce delle Tre Fontane c cm v1 aopuscolo